مكتبة جامعة عجلون الوطنية

فهرس بحث المكتبة

Normal view MARC view
  • خاطر ، شريف يوسف

Entry Personal Name

Number of records used in: 1

001 - CONTROL NUMBER

  • control field: 32273

003 - CONTROL NUMBER IDENTIFIER

  • control field: JO-AjAnu

005 - DATE AND TIME OF LATEST TRANSACTION

  • control field: 20230606075427.0

008 - FIXED-LENGTH DATA ELEMENTS

  • fixed length control field: 230606|| aca||aabn | a|a d

040 ## - CATALOGING SOURCE

  • Original cataloging agency: JO-AjAnu
  • Transcribing agency: JO-AjAnu

100 ## - HEADING--PERSONAL NAME

  • Personal name: خاطر ، شريف يوسف

670 ## - SOURCE DATA FOUND

  • Source citation: Work cat.: (JO-AjAnu)16576: خاطر ، شريف يوسف , author, التحكيم في منازعات العقود الإدارية وضوابطة : دراسة مقارنة في ضوء أحداث آراء الفقه وأحكام القضاء وموقف التشريع الفرنسي والمصري